| 000 | 00481cam a2200193ua 4500 | ||
|---|---|---|---|
| 001 | 752 | ||
| 005 | 20260515113224.0 | ||
| 008 | 110419n ii |||gr||||Z||||||asm | ||
| 040 | _cMAIN | ||
| 082 | _a320.513 | ||
| 245 | 1 |
_aAdhunik rajnaitik bisleson _cby Purandar Gogoi |
|
| 250 | _a1st. | ||
| 260 |
_aDibrugarh: _bBanalata,996. |
||
| 300 | _a174p:0cm. | ||
| 653 | _aPolitical science | ||
| 653 | _aAdunik rajnaitik bisleson | ||
| 700 |
_aGogoi, Purandar., _eAuthor. |
||
| 942 | _cBK | ||
| 999 |
_c678 _d678 |
||